000 00773nam a2200217 a 4500
001 1223
003 BR-CuiBMT
005 20231204201419.0
008 231201s2017 baba 000 0 por d
040 _aBR-CuiBMT
_cBR-CuiBMT
080 _a004:02
_22007
090 _a004:02
_bM196d
100 1 _aMagnavita Filho, José Maria
245 1 0 _aDo processamento de dados à tecnologa da informação :
_blembranças, casos e alguns mitos da informatização do Tribunal de contas do Estado da Bahia /
_cJosé Maria Magnavita Filho.
260 _aSalvador :
_bTCE,
_c2017.
300 _a74 p. :
_bil. ;
_c22 cm
490 1 _aColeção memória viva ;
_vv. 1
650 _aTribunal de contas
_vControle externo
_xHistória
_zBahia
830 _aMemória viva ;
_v1
942 _2udc
_cLV
999 _c1223
_d1223